ARRUPE JESUIT UNIVERSITY

CORONAVIRUS -STOP THE SPREAD - CLEAN,DISINFECT,COVER

Poetry and Prose (Record no. 121943)

MARC details
000 -LEADER
fixed length control field 00524nam a22001337a 4500
008 - FIXED-LENGTH DATA ELEMENTS--GENERAL INFORMATION
fixed length control field 150129b xxu||||| |||| 00| 0 eng d
050 ## - LIBRARY OF CONGRESS CALL NUMBER
Classification number PR4871.C47 1946
100 ## - MAIN ENTRY--PERSONAL NAME
Personal name Landor, Walter Savage
9 (RLIN) 14796
245 ## - TITLE STATEMENT
Title Poetry and Prose
Statement of responsibility, etc / by Savage W. Walter and Kercheven E. Chambers
Remainder of title with Swinburne's poem and essays by Ernest De Selincourt , Walter Raleigh and Oliver Elton
260 ## - PUBLICATION, DISTRIBUTION, ETC. (IMPRINT)
Place of publication, distribution, etc Oxford
Name of publisher, distributor, etc Claredon Press
Date of publication, distribution, etc 1946
300 ## - PHYSICAL DESCRIPTION
Extent xx, 185p. ;
Dimensions 19cm.
700 ## - ADDED ENTRY--PERSONAL NAME
Personal name Chambers, Edmund Kercheven
9 (RLIN) 15201
942 ## - ADDED ENTRY ELEMENTS (KOHA)
Source of classification or shelving scheme Library of Congress Classification
Item type Monograph ( Printed materials)
Holdings
Withdrawn status Lost status Source of classification or shelving scheme Damaged status Not for loan Collection code Home library Current library Shelving location Date acquired Total Checkouts Full call number Barcode Date last seen Price effective from Koha item type
    Library of Congress Classification     Main Collection ARRUPE LIBRARY ARRUPE LIBRARY Main Collection 29/01/2015   PR4871.C47 1946 46500002993 29/01/2015 29/01/2015 Monograph ( Printed materials)

 

Arrupe Library. PO Box MP320 Mt Pleasant, Harare, Zimbabwe
263 242 745411|librarian@aju.ac.zw